| 000 | 00370nam a22001457a 4500 | ||
|---|---|---|---|
| 003 | MACL | ||
| 005 | 20191115161822.0 | ||
| 008 | 191115b xxu||||| |||| 00| 0 eng d | ||
| 040 | _c MACL | ||
| 100 |
_aFehige , Yiftach _977129 |
||
| 245 | _aScience and Religion:East and West | ||
| 260 |
_aLondon _bRoutledge _c2016 |
||
| 650 |
_aScience _977130 |
||
| 942 |
_2ddc _cBK |
||
| 999 |
_c61307 _d61307 |
||